| 000 -LEADER |
| fixed length control field |
01407nam a2200337 a 4500 |
| 001 - CONTROL NUMBER |
| control field |
017149567 |
| 003 - CONTROL NUMBER IDENTIFIER |
| control field |
UkOxU |
| 005 - DATE AND TIME OF LATEST TRANSACTION |
| control field |
20230405083826.0 |
| 008 - FIXED-LENGTH DATA ELEMENTS--GENERAL INFORMATION |
| fixed length control field |
070427r20072006enka j 000 1 eng |
| 015 ## - NATIONAL BIBLIOGRAPHY NUMBER |
| National bibliography number |
GBA732840 |
| Source |
bnb |
| 020 ## - INTERNATIONAL STANDARD BOOK NUMBER |
| International Standard Book Number |
9780440867227 (pbk.) |
| 035 ## - SYSTEM CONTROL NUMBER |
| System control number |
(IeDuTC)b14721294 |
| 035 ## - SYSTEM CONTROL NUMBER |
| System control number |
(StGlU)b26960722 |
| 035 ## - SYSTEM CONTROL NUMBER |
| System control number |
(UkLCURL)03b26960722 |
| 038 ## - RECORD CONTENT LICENSOR |
| Record content licensor |
Uk |
| 040 ## - CATALOGING SOURCE |
| Original cataloging agency |
StDuBDS |
| Language of cataloging |
eng |
| Transcribing agency |
StDuBDS |
| Modifying agency |
StGlU |
| -- |
KH8 |
| 049 ## - LOCAL HOLDINGS (OCLC) |
| Local processing data |
b |
| 082 04 - DEWEY DECIMAL CLASSIFICATION NUMBER |
| Classification number |
823.914 WIL |
| Edition number |
22 |
| 100 1# - MAIN ENTRY--PERSONAL NAME |
| Personal name |
Wilson, Jacqueline. |
| Relator term |
author |
| 245 10 - TITLE STATEMENT |
| Title |
Starring Tracy Beaker / |
| Statement of responsibility, etc. |
Jacqueline Wilson ; illustrated by Nick Sharratt. |
| 260 ## - PUBLICATION, DISTRIBUTION, ETC. |
| Place of publication, distribution, etc. |
London : |
| Name of publisher, distributor, etc. |
Corgi Yearling, |
| Date of publication, distribution, etc. |
2007, c2006. |
| 300 ## - PHYSICAL DESCRIPTION |
| Extent |
174 p. : |
| Other physical details |
ill. ; |
| Dimensions |
20 cm. |
| 500 ## - GENERAL NOTE |
| General note |
Originally published: London : Doubleday, 2006. |
| 500 ## - GENERAL NOTE |
| General note |
"A Corgi Yearling book." |
| 520 ## - SUMMARY, ETC. |
| Summary, etc. |
Tracy Beaker, as a budding thespian, is anxious to get a role in her school play, "A Christmas Carol." She lands the role of Ebeneezer Scrooge, and then becomes anxious about learning her lines. She obtains assistance from Cam, but then worries about whether her mother will make it back from Hollywood to see the play. |
| 650 #0 - SUBJECT ADDED ENTRY--TOPICAL TERM |
| Topical term or geographic name entry element |
Beaker, Tracy (Fictitious character) |
| Form subdivision |
Juvenile fiction. |
| 650 #0 - SUBJECT ADDED ENTRY--TOPICAL TERM |
| Topical term or geographic name entry element |
Children |
| General subdivision |
Institutional care |
| Form subdivision |
Juvenile fiction. |
| 650 #0 - SUBJECT ADDED ENTRY--TOPICAL TERM |
| Topical term or geographic name entry element |
College and school drama |
| Form subdivision |
Juvenile fiction. |
| 700 1# - ADDED ENTRY--PERSONAL NAME |
| Personal name |
Sharratt, Nick. |
| Relator term |
illustrator |
| 942 ## - ADDED ENTRY ELEMENTS (KOHA) |
| Source of classification or shelving scheme |
|
| Koha item type |
Books - Non Ficton |